Statystyki dla Zwycięzcy Mistrzostw Świata w siatkówce

Kliknij tutaj aby rozwiązać quiz!

Ogólne statystyki

  • Ten quiz został rozwiązany 607 razy
  • Średni wynik to 13 z 15

Statystyki odpowiedzi

Rok% Poprawnych
2018Polska
100%
2014Polska
100%
1974Polska
100%
2010Brazylia
97%
2006Brazylia
97%
2002Brazylia
97%
1998Włochy
91%
1994Włochy
91%
1990Włochy
91%
1986Stany Zjednoczone
87%
1982ZSRR
73%
1978ZSRR
73%
1962ZSRR
73%
1966Czechosłowacja
48%
1970NRD
44%

Rozkład punktacji

Percentyl według liczby udzielonych odpowiedzi

Procent ludzi z każdym wynikiem

Twoja historia wyników

Nie rozwiązałeś tego quizu